000 00464nam a2200181Ia 4500
001 20807
003 IN-NITTTR
005 20251114233237.0
008 251113s9999||||xx |||||||||||||| ||eng||
040 _beng
040 _cIN-NITTTR
041 _aeng
082 _a621.9 S55P
100 _aSen, Gopal Chandra
245 0 _aPrinciples of machine tools. /
_cSen, Gopal Chandra, Bhattacharyya, Amitabha
700 _a Bhattacharyya, Amitabha
942 _2ddc
_cBK
999 _c23437
_d23437